LEADER 01364nam a2200313 a 4500 001 000000122497 003 CaOOAMICUS 005 20100716101119.0 008 100716t2008 it d u000 u ita r 020 $a978-88-15-12458-6 040 $aPUL$bita$dReb 041 1 $aita$hfre 082 04$a909 100 1 $aPoulain, Jean-Pierre.$0(OLS)http://pul/name/76901 240 10$aSociologies de l'alimentation : les mangeurs et l'espace social alimentaire$lItaliano.$0(OLS)http://pul/title/154326 245 10$aAlimentazione, cultura e societą /$cJean-Pierre Poulain. 260 $aBologna :$bIl Mulino,$c©2008. 300 $a232 p. :$bill., grafici ;$c21 cm. 490 1 $aUniversale paperbacks Il Mulino ;$v543 504 $aBibliografia p. 207-232. 650 4$aAlimentazione$xSociologia.$0(OLS)http://pul/subject/37095 830 0$aUniversale paperbacks Il Mulino ;$v543.$0(OLS)http://pul/title/190 850 $aPUL 852 $aPUL$W1$xDP2 Filosofia 3$y112$m909 COLL 2.543$j140694$qDDC 21$B139782$CPULBib$Z2$F139782 $H114310 $82 941 1 $a9 996 $6020$a978-88-15-12458-6$9(OLS)http://pul/number/144893 996 $6082$a909$9(OLS)http://pul/classification/566 996 $6245$aAlimentazione, cultura e societą$9(OLS)http://pul/title/154325 996 $6260$aBologna :$bIl Mulino$9(OLS)http://pul/publisher/47928 LEADER 01246nam a2200253 u 4500 001 000000048224 003 CaOOAMICUS 005 20070226114956.0 008 000413s1982 it u000 u ita u 035 $a10845705 040 $aPUL$bita 111 2 $aConvegno del Centro di studi filosofici$n(37 :$d1982 :$cGallarate).$0(OLS)http://pul/name/35006 245 10$aMetafisica :$bnuovi interventi in un dibattito sempre attuale : contributi al XXXVII Convegno del Centro di studi filosofici di Gallarate, 7-8-9 aprile 1982. 260 $aBrescia :$bMorcelliana,$c1983. 300 $a219 p. ;$c24 cm 504 $aBibliografia: pp. 209-219. 650 4$aMetafisica.$0(OLS)http://pul/subject/433 650 4$aFilosofia$ySec. XX$vCongressi.$0(OLS)http://pul/subject/20336 850 $aPUL 852 $aPUL$W1$xSL Filosofia 1$y2$m97 M 37$j64307$nBK-PRI$b $qStampati$B64307$CPULBib$Z2$F64307 $H $81 941 1 $a8 961 $aINV: 81482 996 $6245$aMetafisica :$bnuovi interventi in un dibattito sempre attuale : contributi al XXXVII Convegno del Centro di studi filosofici di Gallarate, 7-8-9 aprile 1982$9(OLS)http://pul/title/64933 996 $6260$aBrescia :$bMorcelliana$9(OLS)http://pul/publisher/47854